<?xml version="1.0" encoding="UTF-8"?>
<record
    xmlns:xsi="http://www.w3.org/2001/XMLSchema-instance"
    xsi:schemaLocation="http://www.loc.gov/MARC21/slim http://www.loc.gov/standards/marcxml/schema/MARC21slim.xsd"
    xmlns="http://www.loc.gov/MARC21/slim">

  <leader>01018nam a22002537a 4500</leader>
  <controlfield tag="005">20170123162337.0</controlfield>
  <datafield tag="010" ind1=" " ind2=" ">
    <subfield code="a">B-029308</subfield>
  </datafield>
  <datafield tag="020" ind1=" " ind2=" ">
    <subfield code="c">150.00</subfield>
  </datafield>
  <datafield tag="035" ind1=" " ind2=" ">
    <subfield code="a">B-029308</subfield>
  </datafield>
  <datafield tag="037" ind1=" " ind2=" ">
    <subfield code="b">Cen Lib/Ret</subfield>
  </datafield>
  <datafield tag="040" ind1=" " ind2=" ">
    <subfield code="a">DPL</subfield>
    <subfield code="b">UR</subfield>
  </datafield>
  <datafield tag="082" ind1=" " ind2=" ">
    <subfield code="a">840.8</subfield>
    <subfield code="b"> &#x631; &#x627; &#x634; </subfield>
  </datafield>
  <datafield tag="100" ind1=" " ind2=" ">
    <subfield code="a">&#x646;&#x638;&#x645; &#x627;&#x644;&#x633;&#x62D;&#x631; &#x627;&#x639;&#x638;&#x645;&#x6CC; </subfield>
    <subfield code="9">113080</subfield>
  </datafield>
  <datafield tag="245" ind1=" " ind2=" ">
    <subfield code="a">&#x639;&#x644;&#x645;&#x627; &#x631;&#x627;&#x634;&#x62F; &#x627;&#x644;&#x62E;&#x6CC;&#x631;&#x6CC; :</subfield>
    <subfield code="c">&#x646;&#x638;&#x645; &#x627;&#x644;&#x633;&#x62D;&#x631; &#x627;&#x639;&#x638;&#x645;&#x6CC; </subfield>
    <subfield code="b">&#x634;&#x62E;&#x635;&#x6CC;&#x62A; &#x627;&#x648;&#x631; &#x627;&#x62F;&#x628;&#x6CC; &#x62E;&#x62F;&#x645;&#x627;&#x62A; /</subfield>
  </datafield>
  <datafield tag="246" ind1=" " ind2=" ">
    <subfield code="a">Allama rashid Ul Khairi : shakhsiyat adabi khidmaat /</subfield>
    <subfield code="b">by Najmus-Saher Aazmi </subfield>
  </datafield>
  <datafield tag="260" ind1=" " ind2=" ">
    <subfield code="a">&#x646;&#x6CC;&#x6CC; &#x62F;&#x6C1;&#x644;&#x6CC; </subfield>
    <subfield code="b">&#x627;&#x62F;&#x627;&#x631;&#x6C1; &#x628;&#x632;&#x645; &#x62E;&#x636;&#x631; &#x631;&#x627;&#x6C1; </subfield>
    <subfield code="c">2000</subfield>
  </datafield>
  <datafield tag="270" ind1=" " ind2=" ">
    <subfield code="a">&#x668;&#x660;&#x60C; &#x627;&#x646;&#x630;&#x627;&#x631; &#x644;&#x627;&#x62C; &#x627;&#x628;&#x644; &#x641;&#x636;&#x644; &#x627;&#x646;&#x6A9;&#x644;&#x6CC;&#x648; &#x62C;&#x627;&#x645;&#x6C1; &#x646;&#x6AF;&#x631;  </subfield>
    <subfield code="b">&#x646;&#x6CC;&#x6CC; &#x62F;&#x6C1;&#x644;&#x6CC; </subfield>
    <subfield code="e">110025</subfield>
  </datafield>
  <datafield tag="300" ind1=" " ind2=" ">
    <subfield code="a">136p.</subfield>
    <subfield code="c">21cm(Hb)</subfield>
  </datafield>
  <datafield tag="650" ind1=" " ind2=" ">
    <subfield code="a"> &#x627;&#x62F;&#x628; - &#x627;&#x631;&#x62F;&#x648;</subfield>
    <subfield code="9">125051</subfield>
  </datafield>
  <datafield tag="650" ind1=" " ind2=" ">
    <subfield code="a"> &#x627;&#x631;&#x62F;&#x648; &#x633;&#x648;&#x627;&#x646;&#x62D; - &#x631;&#x627;&#x634;&#x62F; &#x627;&#x644;&#x62E;&#x6CC;&#x631;&#x6CC; &#x627;&#x644;&#x62D;&#x642;</subfield>
    <subfield code="9">125052</subfield>
  </datafield>
  <datafield tag="650" ind1=" " ind2=" ">
    <subfield code="a">Literature -- Urdu</subfield>
    <subfield code="9">125053</subfield>
  </datafield>
  <datafield tag="650" ind1=" " ind2=" ">
    <subfield code="a">Urdu biography -- Rashid Ul Khairi</subfield>
    <subfield code="9">125054</subfield>
  </datafield>
  <datafield tag="942" ind1=" " ind2=" ">
    <subfield code="2">ddc</subfield>
    <subfield code="c">UR</subfield>
    <subfield code="h">840.8</subfield>
    <subfield code="m"> &#x631; &#x627; &#x634; </subfield>
  </datafield>
  <datafield tag="999" ind1=" " ind2=" ">
    <subfield code="c">108260</subfield>
    <subfield code="d">108260</subfield>
  </datafield>
  <datafield tag="952" ind1=" " ind2=" ">
    <subfield code="0">0</subfield>
    <subfield code="1">0</subfield>
    <subfield code="4">0</subfield>
    <subfield code="7">0</subfield>
    <subfield code="a">L</subfield>
    <subfield code="b">L</subfield>
    <subfield code="d">2016-01-16</subfield>
    <subfield code="e">Cen Lib/Ret</subfield>
    <subfield code="g">150.00</subfield>
    <subfield code="l">1</subfield>
    <subfield code="o">840.8  &#x631; &#x627; &#x634;</subfield>
    <subfield code="p">B-029308</subfield>
    <subfield code="r">2017-08-08 00:00:00</subfield>
    <subfield code="s">2017-07-21</subfield>
    <subfield code="t">1</subfield>
    <subfield code="v">150.00</subfield>
    <subfield code="w">2016-01-16</subfield>
    <subfield code="y">UR</subfield>
  </datafield>
</record>
